| 000 | 00807nmc a2200289 a 4500 | ||
|---|---|---|---|
| 003 | AR-BaBNM | ||
| 005 | 20251128205031.0 | ||
| 008 | 286020s1997 ||||||||||||||000 | spa|| | ||
| 020 | _a968-853-362-9 | ||
| 040 | _cAR-BaBNM | ||
| 100 | 1 | _aDíaz Barriga, Angel | |
| 245 | 1 | 0 |
_aDidáctica y currículum _bconvergencias en los programas de estudio |
| 250 | _anva. ed. corr. y aum. | ||
| 260 |
_aMéxico _bPaidós _c1997 |
||
| 300 | 0 | _a207 p. | |
| 490 | 0 |
_aPaidós Educador _vv. 127 |
|
| 650 | 4 | _aCURRICULO | |
| 650 | 4 | _aPROGRAMAS DE ESTUDIOS | |
| 650 | 4 | _aPLANIFICACION DEL CURRICULO | |
| 650 | 4 | _aDIDACTICA | |
| 650 | 4 | _aEVALUACION DEL CURRICULO | |
| 650 | 4 | _aOBJETIVOS EDUCACIONALES | |
| 650 | 4 | _aOBJETIVOS DEL CURSO | |
| 650 | 4 | _aOBJETIVOS COGNOSCITIVOS | |
| 942 | _cBK | ||
| 998 | _cme-todo | ||
| 999 |
_c9721 _d9721 |
||